[Event "AUT_chT"]
[Site "2005/2006"]
[Date "2006.03.26"]
[Round "11"]
[White "Wittmann, Walter"]
[Black "Karner, Christoph"]
[Result "1-0"]
[WhiteElo "2372"]
[BlackElo "2338"]
[PlyCount "123"]
[EventDate "2005.10.??"]
[EventType "team"]
[EventRounds "11"]
[EventCountry "AUT"]
[WhiteTeam "Styria Graz - Kl.Zeitung"]
[BlackTeam "Holz Dohr - Semriach"]
[WhiteTeamCountry "AUT"]
[BlackTeamCountry "AUT"]

1. e4 c5 2. Nf3 d6 3. d4 cxd4 4. Nxd4 Nf6 5. Nc3 a6 6. Be2 e5 7. Nb3 Be7 8. Bg5
Be6 9. Bxf6 Bxf6 10. O-O Nc6 11. Nd5 Bxd5 12. Qxd5 Qc7 13. c3 O-O 14. a4 Ne7
15. Qc4 Qd7 16. Rfd1 Rfd8 17. Qb4 Qc7 18. Qc4 Qd7 19. Nd2 Bg5 20. Nf3 Bf6 21.
Qb3 Qc7 22. Nd2 d5 23. exd5 Nxd5 24. Ne4 Nf4 25. Nxf6+ gxf6 26. Bf3 Rxd1+ 27.
Rxd1 Rd8 28. Rxd8+ Qxd8 29. g3 Qd3 30. Qd1 Qxd1+ 31. Bxd1 Nd3 32. b3 b6 33. Kf1
a5 34. Ke2 Nc5 35. Bc2 h6 36. Kd2 Kf8 37. b4 Na6 38. bxa5 bxa5 39. Kd3 Ke7 40.
Kc4 Kd6 41. Kb5 Nc7+ 42. Kxa5 Kc5 43. Be4 f5 44. Bxf5 Nd5 45. Ka6 Nxc3 46. a5
Kc6 47. f3 h5 48. h4 Ne2 49. Be4+ Kc7 50. g4 hxg4 51. fxg4 Nc3 52. Bd3 e4 53.
Bc4 e3 54. h5 e2 55. Bxe2 Nxe2 56. h6 Nf4 57. h7 Ng6 58. Kb5 Kb7 59. g5 Nh8 60.
Kc5 Kc7 61. Kd5 Ng6 62. Ke4 1-0

[Event "AUT_chT"]
[Site "2005/2006"]
[Date "2006.03.26"]
[Round "11"]
[White "Boensch, Uwe"]
[Black "Tkachiev, Vladislav"]
[Result "1/2-1/2"]
[WhiteElo "2538"]
[BlackElo "2642"]
[PlyCount "20"]
[EventDate "2005.10.??"]
[EventType "team"]
[EventRounds "11"]
[EventCountry "AUT"]
[WhiteTeam "Sparkasse Jenbach"]
[BlackTeam "Sparkasse Schwarzach"]
[WhiteTeamCountry "AUT"]
[BlackTeamCountry "AUT"]

1. d4 Nf6 2. c4 e6 3. Nf3 b6 4. g3 Bb7 5. Bg2 Be7 6. O-O O-O 7. Nc3 Ne4 8. Nxe4
Bxe4 9. Bf4 d6 10. Qd2 Nd7 1/2-1/2

[Event "AUT_chT"]
[Site "2005/2006"]
[Date "2006.03.26"]
[Round "11"]
[White "Danner, Georg"]
[Black "Kleissl, Helmut"]
[Result "1/2-1/2"]
[WhiteElo "2402"]
[BlackElo "2299"]
[PlyCount "22"]
[EventDate "2005.10.??"]
[EventType "team"]
[EventRounds "11"]
[EventCountry "AUT"]
[WhiteTeam "Sparkasse Schwarzach"]
[BlackTeam "Sparkasse Jenbach"]
[WhiteTeamCountry "AUT"]
[BlackTeamCountry "AUT"]

1. d4 g6 2. c4 Bg7 3. e4 c5 4. d5 d6 5. Nc3 Nf6 6. Nf3 Bg4 7. Be2 O-O 8. O-O e6
9. Bg5 exd5 10. cxd5 h6 11. Bf4 Nh5 1/2-1/2

[Event "AUT_chT"]
[Site "2005/2006"]
[Date "2006.03.26"]
[Round "11"]
[White "Buhmann, Rainer"]
[Black "Horvath, Csaba"]
[Result "1/2-1/2"]
[WhiteElo "2546"]
[BlackElo "2545"]
[PlyCount "21"]
[EventDate "2005.10.??"]
[EventType "team"]
[EventRounds "11"]
[EventCountry "AUT"]
[WhiteTeam "Maria Saal"]
[BlackTeam "Die Klagenfurter"]
[WhiteTeamCountry "AUT"]
[BlackTeamCountry "AUT"]

1. Nf3 Nf6 2. c4 e6 3. Nc3 d5 4. d4 c5 5. cxd5 Nxd5 6. e3 Nc6 7. Bd3 Be7 8. O-O
O-O 9. Qe2 b6 10. Rd1 cxd4 11. Rf1 1/2-1/2

[Event "AUT_chT"]
[Site "2005/2006"]
[Date "2006.03.26"]
[Round "11"]
[White "Ragger, Markus"]
[Black "Horvath, Jozsef"]
[Result "1/2-1/2"]
[WhiteElo "2451"]
[BlackElo "2525"]
[PlyCount "21"]
[EventDate "2005.10.??"]
[EventType "team"]
[EventRounds "11"]
[EventCountry "AUT"]
[WhiteTeam "Maria Saal"]
[BlackTeam "Die Klagenfurter"]
[WhiteTeamCountry "AUT"]
[BlackTeamCountry "AUT"]

1. e4 e6 2. d4 d5 3. Nc3 Nf6 4. Bd3 c5 5. exd5 Nxd5 6. Nxd5 Qxd5 7. Nf3 cxd4 8.
O-O Nc6 9. Re1 Be7 10. Be4 Qc5 11. a3 1/2-1/2

[Event "AUT_chT"]
[Site "2005/2006"]
[Date "2006.03.26"]
[Round "11"]
[White "Moser, Guenter"]
[Black "Hoelzl, Franz"]
[Result "1/2-1/2"]
[WhiteElo "2359"]
[BlackElo "2364"]
[PlyCount "22"]
[EventDate "2005.10.??"]
[EventType "team"]
[EventRounds "11"]
[EventCountry "AUT"]
[WhiteTeam "Die Klagenfurter"]
[BlackTeam "Maria Saal"]
[WhiteTeamCountry "AUT"]
[BlackTeamCountry "AUT"]

1. d4 d5 2. Nf3 c6 3. Bf4 Bf5 4. Nbd2 e6 5. e3 Bd6 6. Bg3 Ne7 7. c4 O-O 8. Qb3
Bxg3 9. hxg3 Qb6 10. Rc1 Nd7 11. Be2 Qxb3 1/2-1/2

[Event "AUT_chT"]
[Site "2005/2006"]
[Date "2006.03.26"]
[Round "11"]
[White "Balogh, Csaba"]
[Black "Rotstein, Arkadij"]
[Result "1-0"]
[WhiteElo "2561"]
[BlackElo "2520"]
[PlyCount "35"]
[EventDate "2005.10.??"]
[EventType "team"]
[EventRounds "11"]
[EventCountry "AUT"]
[WhiteTeam "Admiral Fuerstenfeld"]
[BlackTeam "Tschaturanga Neubau"]
[WhiteTeamCountry "AUT"]
[BlackTeamCountry "AUT"]

1. e4 c5 2. Nf3 d6 3. Nc3 a6 4. d4 cxd4 5. Nxd4 Nf6 6. Be3 e6 7. a4 b6 8. g4
Bb7 9. Bg2 d5 10. e5 Ne4 11. Nce2 Nd7 12. f4 Qh4+ 13. Ng3 Nxg3 14. Bf2 Qe7 15.
hxg3 Qb4+ 16. c3 Qxb2 17. O-O Bc5 18. Be1 1-0

[Event "AUT_chT"]
[Site "2005/2006"]
[Date "2006.03.26"]
[Round "11"]
[White "Kuba, Guenter"]
[Black "Srienz, Christian"]
[Result "1-0"]
[WhiteElo "2406"]
[BlackElo "2233"]
[PlyCount "49"]
[EventDate "2005.10.??"]
[EventType "team"]
[EventRounds "11"]
[EventCountry "AUT"]
[WhiteTeam "Admiral Fuerstenfeld"]
[BlackTeam "Tschaturanga Neubau"]
[WhiteTeamCountry "AUT"]
[BlackTeamCountry "AUT"]

1. e4 c6 2. d4 d5 3. Nc3 dxe4 4. Nxe4 Nd7 5. Ng5 Ngf6 6. Bd3 e6 7. Qe2 Bd6 8.
N1f3 h6 9. Ne4 Nxe4 10. Qxe4 Nf6 11. Qe2 Qc7 12. Bd2 c5 13. dxc5 Bxc5 14. O-O-O
a6 15. Ne5 Bd6 16. f4 Nd7 17. Rhe1 Nxe5 18. fxe5 Be7 19. Qg4 g5 20. Rf1 Qxe5
21. Rxf7 Ba3 22. Qa4+ Kxf7 23. Rf1+ Ke7 24. Qxa3+ Kd8 25. Rf7 1-0

[Event "AUT_chT"]
[Site "2005/2006"]
[Date "2006.03.26"]
[Round "11"]
[White "Wukits, Rene"]
[Black "Gergacz, Attila"]
[Result "1-0"]
[WhiteElo "2321"]
[BlackElo "2209"]
[PlyCount "65"]
[EventDate "2005.10.??"]
[EventType "team"]
[EventRounds "11"]
[EventCountry "AUT"]
[WhiteTeam "Tschaturanga Neubau"]
[BlackTeam "Admiral Fuerstenfeld"]
[WhiteTeamCountry "AUT"]
[BlackTeamCountry "AUT"]

1. d4 Nf6 2. c4 e6 3. Nc3 Bb4 4. e3 b6 5. Bd3 Bb7 6. Nf3 O-O 7. O-O c5 8. Na4
cxd4 9. a3 Be7 10. exd4 d5 11. c5 bxc5 12. Nxc5 Bxc5 13. dxc5 Qc7 14. Bg5 Qxc5
15. Rc1 Qd6 16. Bxf6 gxf6 17. Rc4 f5 18. Rh4 f6 19. Nd4 Bc8 20. Re1 a6 21. Qe2
e5 22. Qh5 Ra7 23. Nxf5 Bxf5 24. Bxf5 Rff7 25. Rg4+ Kf8 26. Qh6+ Ke7 27. Bxh7
Kd8 28. Rg8+ Kc7 29. Bg6 Re7 30. Rc1+ Kb7 31. Qf8 Rd7 32. Qc8+ Ka8 33. Rc6 1-0

[Event "AUT_chT"]
[Site "2005/2006"]
[Date "2006.03.26"]
[Round "11"]
[White "Radnetter, Georg"]
[Black "Kleiser, Gregor"]
[Result "0-1"]
[WhiteElo "1949"]
[BlackElo "2263"]
[PlyCount "70"]
[EventDate "2005.10.??"]
[EventType "team"]
[EventRounds "11"]
[EventCountry "AUT"]
[WhiteTeam "Admiral Fuerstenfeld"]
[BlackTeam "Tschaturanga Neubau"]
[WhiteTeamCountry "AUT"]
[BlackTeamCountry "AUT"]

1. e4 c5 2. Nf3 e6 3. d4 cxd4 4. Nxd4 a6 5. Bd3 Qb6 6. Nb3 Qc7 7. O-O Nf6 8.
Be3 d6 9. Nc3 Be7 10. f3 O-O 11. Qe1 b5 12. Qf2 Nbd7 13. a4 b4 14. Ne2 d5 15.
Ng3 Bb7 16. exd5 Nxd5 17. Ne4 Nxe3 18. Qxe3 Nf6 19. Nec5 Bd5 20. Kh1 a5 21. Ne4
Qe5 22. Qd4 Qh5 23. Ng3 Qh6 24. Rfe1 Rfd8 25. Nd2 Bxf3 26. Qf2 Bd5 27. Nge4 Ng4
28. Qg3 f5 29. c4 bxc3 30. bxc3 fxe4 31. Qxg4 Bd6 32. Nf1 exd3 33. c4 d2 34.
Re3 Rf8 35. Rh3 Qf6 0-1

[Event "AUT_chT"]
[Site "2005/2006"]
[Date "2006.03.26"]
[Round "11"]
[White "Baramidze, David"]
[Black "Gyimesi, Zoltan"]
[Result "1/2-1/2"]
[WhiteElo "2554"]
[BlackElo "2602"]
[PlyCount "59"]
[EventDate "2005.10.??"]
[EventType "team"]
[EventRounds "11"]
[EventCountry "AUT"]
[WhiteTeam "Hohenems"]
[BlackTeam "Union Ansfelden"]
[WhiteTeamCountry "AUT"]
[BlackTeamCountry "AUT"]

1. e4 e5 2. Nf3 Nc6 3. Bb5 Nf6 4. O-O Nxe4 5. d4 Nd6 6. Bxc6 dxc6 7. dxe5 Nf5
8. Qxd8+ Kxd8 9. Nc3 Ne7 10. h3 Ng6 11. Be3 Be7 12. Rad1+ Ke8 13. a3 h5 14.
Rfe1 h4 15. Nd4 Rh5 16. f4 a6 17. Rd2 Bd7 18. Red1 Rd8 19. Nde2 Bc8 20. Ne4
Rxd2 21. Rxd2 b6 22. c4 c5 23. N2c3 Be6 24. Nd5 Bxd5 25. Rxd5 c6 26. Rd3 Rf5
27. Nd6+ Bxd6 28. Rxd6 Nxf4 29. Bxf4 Rxf4 30. Rxc6 1/2-1/2

[Event "AUT_chT"]
[Site "2005/2006"]
[Date "2006.03.26"]
[Round "11"]
[White "Ftacnik, Lubomir"]
[Black "Atlas, Valeri"]
[Result "1/2-1/2"]
[WhiteElo "2606"]
[BlackElo "2480"]
[PlyCount "39"]
[EventDate "2005.10.??"]
[EventType "team"]
[EventRounds "11"]
[EventCountry "AUT"]
[WhiteTeam "Union Ansfelden"]
[BlackTeam "Hohenems"]
[WhiteTeamCountry "AUT"]
[BlackTeamCountry "AUT"]

1. c4 c5 2. g3 Nf6 3. Bg2 a6 4. Nc3 e6 5. Nf3 b6 6. d4 cxd4 7. Nxd4 Ra7 8. O-O
Be7 9. e4 d6 10. Be3 Rc7 11. Qe2 Bb7 12. a4 Qc8 13. a5 bxa5 14. Nb3 Nc6 15. Bb6
O-O 16. Rfc1 Rd7 17. Nxa5 Nxa5 18. Bxa5 Bd8 19. Bxd8 Rfxd8 20. b3 1/2-1/2

[Event "AUT_chT"]
[Site "2005/2006"]
[Date "2006.03.26"]
[Round "11"]
[White "Naumann, Alexander"]
[Black "Babula, Vlastimil"]
[Result "1/2-1/2"]
[WhiteElo "2532"]
[BlackElo "2585"]
[PlyCount "33"]
[EventDate "2005.10.??"]
[EventType "team"]
[EventRounds "11"]
[EventCountry "AUT"]
[WhiteTeam "Hohenems"]
[BlackTeam "Union Ansfelden"]
[WhiteTeamCountry "AUT"]
[BlackTeamCountry "AUT"]

1. e4 c5 2. Nf3 d6 3. d4 cxd4 4. Nxd4 Nf6 5. Nc3 a6 6. Bc4 e6 7. Bb3 Nbd7 8.
Bg5 Qa5 9. Qd2 Be7 10. O-O h6 11. Bf4 Nc5 12. Nf3 e5 13. Be3 Nxb3 14. axb3 Qc7
15. Qd3 Be6 16. Nd2 Rc8 17. f4 1/2-1/2

[Event "AUT_chT"]
[Site "2005/2006"]
[Date "2006.03.26"]
[Round "11"]
[White "Stanec, Nikolaus"]
[Black "Bezold, Michael"]
[Result "1/2-1/2"]
[WhiteElo "2543"]
[BlackElo "2534"]
[PlyCount "29"]
[EventDate "2005.10.??"]
[EventType "team"]
[EventRounds "11"]
[EventCountry "AUT"]
[WhiteTeam "Union Ansfelden"]
[BlackTeam "Hohenems"]
[WhiteTeamCountry "AUT"]
[BlackTeamCountry "AUT"]

1. d4 Nf6 2. Nf3 c5 3. e3 e6 4. b3 b6 5. Bb2 Bb7 6. Nbd2 Nc6 7. a3 Be7 8. dxc5
bxc5 9. Bd3 O-O 10. O-O a5 11. e4 d5 12. exd5 exd5 13. Re1 Nd7 14. c4 d4 15.
Qc2 1/2-1/2

[Event "AUT_chT"]
[Site "2005/2006"]
[Date "2006.03.26"]
[Round "11"]
[White "Novkovic, Milan"]
[Black "Weiss, Christian"]
[Result "1-0"]
[WhiteElo "2402"]
[BlackElo "2437"]
[PlyCount "89"]
[EventDate "2005.10.??"]
[EventType "team"]
[EventRounds "11"]
[EventCountry "AUT"]
[WhiteTeam "Hohenems"]
[BlackTeam "Union Ansfelden"]
[WhiteTeamCountry "AUT"]
[BlackTeamCountry "AUT"]

1. d4 Nf6 2. c4 c5 3. d5 b5 4. cxb5 a6 5. b6 Qxb6 6. Nc3 d6 7. Nf3 g6 8. h3 Bg7
9. e4 O-O 10. Be2 Nbd7 11. O-O Ne8 12. Nd2 Qd8 13. Kh1 Nc7 14. a4 a5 15. Nc4
Ba6 16. Bd2 Bxc4 17. Bxc4 Nb6 18. b3 e6 19. Rc1 exd5 20. exd5 Re8 21. Qf3 Nxc4
22. bxc4 Qh4 23. Qf4 Qf6 24. Qxf6 Bxf6 25. Rfe1 Rxe1+ 26. Rxe1 Bxc3 27. Bxc3
Kf8 28. Bd2 f6 29. Bf4 Ra6 30. Rb1 Ke7 31. g4 g5 32. Bd2 Na8 33. Rb7+ Ke8 34.
Bc3 Nb6 35. Bxf6 Nxc4 36. Bxg5 Rb6 37. Rxh7 Rb2 38. Kg2 Ne5 39. Re7+ Kf8 40.
Re6 Nd3 41. Be3 c4 42. Rxd6 c3 43. Rc6 c2 44. d6 Ke8 45. Rc7 1-0

[Event "AUT_chT"]
[Site "2005/2006"]
[Date "2006.03.26"]
[Round "11"]
[White "Knoll, Hermann"]
[Black "Gaertner, Guntram"]
[Result "1/2-1/2"]
[WhiteElo "2361"]
[BlackElo "2352"]
[PlyCount "181"]
[EventDate "2005.10.??"]
[EventType "team"]
[EventRounds "11"]
[EventCountry "AUT"]
[WhiteTeam "Union Ansfelden"]
[BlackTeam "Hohenems"]
[WhiteTeamCountry "AUT"]
[BlackTeamCountry "AUT"]

1. Nf3 Nf6 2. g3 d5 3. Bg2 c6 4. O-O Bf5 5. c4 e6 6. b3 Nbd7 7. Bb2 h6 8. d3
Be7 9. Nbd2 O-O 10. a3 a5 11. Ra2 Bh7 12. Qa1 Ne8 13. Ne5 Nxe5 14. Bxe5 Bf6 15.
Bxf6 Nxf6 16. h3 Re8 17. Nf3 Qe7 18. Ne5 Nd7 19. Nxd7 Qxd7 20. Rc1 d4 21. c5 e5
22. Rc4 Bf5 23. Kh2 Be6 24. Rc1 Bxb3 25. Rd2 a4 26. e3 Ra5 27. Re2 Kf8 28. Qb2
Raa8 29. Qd2 Rad8 30. e4 Kg8 31. f4 f6 32. Bf3 Ra8 33. Rg2 Be6 34. f5 Bf7 35.
g4 Kf8 36. h4 Ke7 37. Qb4 Bb3 38. Bd1 Bxd1 39. Rxd1 Kd8 40. Rb1 Kc8 41. Rgb2
Ra7 42. Qc4 Rf8 43. h5 Qf7 44. Qb4 Kb8 45. Qd2 Rc8 46. Rb4 Kc7 47. Qb2 Kb8 48.
Kh3 Rc7 49. Rc4 Kc8 50. Qc2 Kd7 51. Rbb4 Rc8 52. Qb2 Rc7 53. Rxa4 Rxa4 54. Rxa4
Qg8 55. Ra7 Qc8 56. Qb3 Ke7 57. Ra4 Kf8 58. Ra7 Re7 59. Kg3 Qb8 60. Ra6 Qe8 61.
Ra7 Qf7 62. Qxf7+ Kxf7 63. a4 Ke8 64. a5 Kf8 65. Kf2 Re8 66. Ke2 Rb8 67. Kd2
Ke8 68. a6 Kd8 69. Kc2 Kc8 70. Kc1 Kd8 71. Kb2 bxa6+ 72. Ka3 Rb5 73. Rxg7 Ke8
74. Rh7 Rxc5 75. Rxh6 Rc3+ 76. Kb2 Kf7 77. Rh7+ Kg8 78. Rc7 Rxd3 79. Rxc6 Rg3
80. Rxf6 Rxg4 81. Rxa6 Rxe4 82. Re6 Re2+ 83. Kc1 d3 84. h6 Kh7 85. Kd1 e4 86.
Kc1 Re1+ 87. Kd2 Re2+ 88. Kc1 e3 89. Kd1 Rd2+ 90. Ke1 Re2+ 91. Kd1 1/2-1/2

[Event "AUT_chT"]
[Site "2005/2006"]
[Date "2006.03.26"]
[Round "11"]
[White "Polzin, Rainer"]
[Black "Voloshin, Leonid"]
[Result "1-0"]
[WhiteElo "2494"]
[BlackElo "2466"]
[PlyCount "84"]
[EventDate "2005.10.??"]
[EventType "team"]
[EventRounds "11"]
[EventCountry "AUT"]
[WhiteTeam "Wulkaprodersdorf"]
[BlackTeam "Sparkasse Goetzis"]
[WhiteTeamCountry "AUT"]
[BlackTeamCountry "AUT"]

1. e4 e6 2. d4 d5 3. Nc3 dxe4 4. Nxe4 Nd7 5. Nf3 Ngf6 6. Nxf6+ Nxf6 7. Bd3 c5
8. O-O cxd4 9. Nxd4 Be7 10. c3 O-O 11. Qe2 Re8 12. Bf4 Bd7 13. Be5 Qc8 14. Rad1
a6 15. Qf3 b5 16. Qh3 g6 17. Qf3 Nd5 18. Be4 Rd8 19. Bxd5 exd5 20. h3 Bc6 21.
Rfe1 Bb7 22. Qf4 Qd7 23. Re3 Rf8 24. Nf5 f6 25. Nxe7+ Qxe7 26. Bd6 Qg7 27. Bxf8
Rxf8 28. Rde1 g5 29. Qf5 Qg6 30. Qxg6+ hxg6 31. Re8 Bc8 32. R1e7 Bf5 33. Rxf8+
Kxf8 34. Ra7 b4 35. cxb4 d4 36. Kf1 Bb1 37. Ke1 Bxa2 38. Rxa6 Bd5 39. Rxf6+ Ke7
40. Rxg6 Bxg2 41. h4 Be4 42. Rxg5 Ke8 1-0

[Event "AUT_chT"]
[Site "2005/2006"]
[Date "2006.03.26"]
[Round "11"]
[White "Dobosz, Henryk"]
[Black "Sprenger, Jan Michael"]
[Result "1/2-1/2"]
[WhiteElo "2433"]
[BlackElo "2505"]
[PlyCount "33"]
[EventDate "2005.10.??"]
[EventType "team"]
[EventRounds "11"]
[EventCountry "AUT"]
[WhiteTeam "Sparkasse Goetzis"]
[BlackTeam "Wulkaprodersdorf"]
[WhiteTeamCountry "AUT"]
[BlackTeamCountry "AUT"]

1. d4 Nf6 2. Nf3 e6 3. e3 c5 4. Bd3 b6 5. O-O Bb7 6. b3 Be7 7. c4 O-O 8. Bb2
cxd4 9. exd4 d5 10. Nbd2 Nc6 11. Rc1 Rc8 12. Re1 Re8 13. Ne5 dxc4 14. Nxc6 Bxc6
15. bxc4 Qd6 16. Nf3 Nd7 17. Qe2 1/2-1/2

[Event "AUT_chT"]
[Site "2005/2006"]
[Date "2006.03.26"]
[Round "11"]
[White "Likavsky, Tomas"]
[Black "Eisenbeiser, Amadeus"]
[Result "1-0"]
[WhiteElo "2493"]
[BlackElo "2373"]
[PlyCount "55"]
[EventDate "2005.10.??"]
[EventType "team"]
[EventRounds "11"]
[EventCountry "AUT"]
[WhiteTeam "Wulkaprodersdorf"]
[BlackTeam "Sparkasse Goetzis"]
[WhiteTeamCountry "AUT"]
[BlackTeamCountry "AUT"]

1. d4 Nf6 2. c4 c5 3. Nf3 e6 4. Nc3 cxd4 5. Nxd4 a6 6. e4 Qc7 7. a3 b6 8. Bd3
Nc6 9. Nf3 Ng4 10. Ne2 Bc5 11. O-O Bd6 12. h3 h5 13. b4 Nge5 14. Nxe5 Nxe5 15.
Bb2 Bb7 16. Rc1 Ng4 17. hxg4 Bh2+ 18. Kh1 hxg4 19. g3 Bxg3+ 20. Kg2 Be5 21.
Bxe5 Qxe5 22. Ng3 f5 23. f4 gxf3+ 24. Qxf3 Qb2+ 25. Qf2 Qxa3 26. Qxb6 Ke7 27.
Qxb7 Qxd3 28. Rfd1 1-0

[Event "AUT_chT"]
[Site "2005/2006"]
[Date "2006.03.26"]
[Round "11"]
[White "Schmidlechner, Alexander"]
[Black "Volkmann, Friedrich Karl"]
[Result "1/2-1/2"]
[WhiteElo "2245"]
[BlackElo "2421"]
[PlyCount "132"]
[EventDate "2005.10.??"]
[EventType "team"]
[EventRounds "11"]
[EventCountry "AUT"]
[WhiteTeam "Sparkasse Goetzis"]
[BlackTeam "Wulkaprodersdorf"]
[WhiteTeamCountry "AUT"]
[BlackTeamCountry "AUT"]

1. Nf3 d5 2. d4 Nf6 3. c4 e6 4. Nc3 c6 5. Bg5 Nbd7 6. e3 Qa5 7. Nd2 Bb4 8. Qc2
O-O 9. Be2 e5 10. Nb3 Qc7 11. Bh4 dxc4 12. Bxc4 exd4 13. Nxd4 Ne5 14. Be2 Nd5
15. O-O Nxc3 16. bxc3 Bc5 17. h3 Ng6 18. Bg3 Bd6 19. Bxd6 Qxd6 20. Rfd1 Qc5 21.
Bd3 Re8 22. Rd2 Qg5 23. Nf3 Qf6 24. Be2 c5 25. Rad1 Be6 26. Qb2 Qe7 27. Qa3 Qc7
28. Bb5 Re7 29. Ng5 Ne5 30. Qxa7 Ree8 31. Bxe8 Rxa7 32. Rd8 Kf8 33. Bxf7+ Ke7
34. Re8+ Kf6 35. Rxe6+ Kxg5 36. Rd5 g6 37. Rdxe5+ Kh6 38. Re7 Qb8 39. Re8 Qd6
40. g4 b5 41. Bd5 Qd7 42. Kg2 Kg7 43. Rg8+ Kf6 44. f4 h6 45. Rf8+ Kg7 46. Rf7+
Qxf7 47. Bxf7 Kxf7 48. Rxc5 Rxa2+ 49. Kf3 Rh2 50. Kg3 Re2 51. Re5 Rc2 52. Rxb5
Rxc3 53. Re5 Rc1 54. f5 gxf5 55. Rxf5+ Kg6 56. e4 Re1 57. e5 Re3+ 58. Kf4 Rxh3
59. e6 Ra3 60. Re5 Ra8 61. e7 Re8 62. Re6+ Kf7 63. Kf5 h5 64. Rf6+ Kxe7 65.
gxh5 Rf8 66. Rxf8 Kxf8 1/2-1/2

[Event "AUT_chT"]
[Site "2005/2006"]
[Date "2006.03.26"]
[Round "11"]
[White "Sommerbauer, Norbert"]
[Black "Kranz, Armin"]
[Result "1/2-1/2"]
[WhiteElo "2452"]
[BlackElo "2182"]
[PlyCount "23"]
[EventDate "2005.10.??"]
[EventType "team"]
[EventRounds "11"]
[EventCountry "AUT"]
[WhiteTeam "Wulkaprodersdorf"]
[BlackTeam "Sparkasse Goetzis"]
[WhiteTeamCountry "AUT"]
[BlackTeamCountry "AUT"]

1. e4 e5 2. Nf3 Nf6 3. Nc3 Nc6 4. Bb5 Nd4 5. Nxd4 exd4 6. e5 dxc3 7. exf6 Qxf6
8. dxc3 Bc5 9. O-O O-O 10. Qh5 d6 11. Bd3 h6 12. Bd2 1/2-1/2

[Event "AUT_chT"]
[Site "2005/2006"]
[Date "2006.03.26"]
[Round "11"]
[White "Scheffknecht, Philipp"]
[Black "Schweda, Roland"]
[Result "0-1"]
[WhiteElo "2197"]
[BlackElo "2416"]
[PlyCount "74"]
[EventDate "2005.10.??"]
[EventType "team"]
[EventRounds "11"]
[EventCountry "AUT"]
[WhiteTeam "Sparkasse Goetzis"]
[BlackTeam "Wulkaprodersdorf"]
[WhiteTeamCountry "AUT"]
[BlackTeamCountry "AUT"]

1. d4 Nf6 2. Nf3 d6 3. g3 g6 4. Bg2 Bg7 5. O-O O-O 6. c4 c6 7. Nc3 a6 8. e4 b5
9. e5 Ne8 10. b3 Nc7 11. Bb2 bxc4 12. bxc4 a5 13. Re1 Nd7 14. exd6 exd6 15. Ne4
Nf6 16. Ba3 Nxe4 17. Rxe4 Na6 18. Qd2 Nb4 19. Bxb4 axb4 20. Qxb4 c5 21. Qd2 Bb7
22. Ree1 Ra3 23. d5 Bxa1 24. Rxa1 Qf6 25. Rb1 Ba6 26. Ng5 Bxc4 27. Ne4 Qe5 28.
f4 Qg7 29. Qb2 Qxb2 30. Rxb2 Rd8 31. Rb6 Ra6 32. Rb7 Rxa2 33. Bf3 h6 34. g4 Kg7
35. Ng3 Rd2 36. f5 Ra8 37. f6+ Kg8 0-1